Valorant Agents an Fähigkeit erkennen - Statistiken

Allgemein
  • Dieses Quiz wurde 1.978 mal gespielt
  • Das Durchschnittsergebnis liegt bei 15 aus 16
Antwortstatistiken
Bildquiz Antwort % Korrekt
Sage
98%
Omen
97%
Cypher
96%
Jett
96%
Breach
95%
Brimstone
94%
Reyna
94%
Raze
93%
Chamber
90%
Deadlock
89%
Phoenix
88%
Astra
85%
Fade
85%
Skye
85%
Iso
84%
Viper
83%
Keine übereinstimmenden Quizze gefunden
Verteilung der Resultate
Anzahl Personen mit jedem Resultat
Perzentil nach korrekt beantworteten Fragen
Ihre Resultats-Entwicklung
Sie haben dieses Quiz noch nicht gespielt